Pravdepodobnosť a štatistika v simulácii /

Uložené v:
Podrobná bibliografia
Hlavný autor: Gregor, Milan, 1955- (Author)
Ďalší autori: Gregor, Michal aut
Médium: Kniha
Jazyk:Slovak
Vydané: Žilina : AT Park, 2025.
Vydanie:1. vydanie
Edícia:Vedecké monografie
Témy:
ISBN: 9788097483012
Fyzický popis: 454 strán : fotografie, grafy, ilustrácie, schémy, tabuľky ; 25 cm.
Tagy: Pridať tag
Žiadne tagy, Buďte prvý kto otaguje tento záznam!

MARC

LEADER 00000nam a2200000 i 4500
001 000740653
005 20251127114417.0
008 251119s2025 xo adloe 000 1 slo d
020 |a 9788097483012  |q (viazané) 
040 |a SVKKK  |b slo  |c SVKKK  |e rda 
041 0 |a slo 
044 |a xo  |c SK 
072 7 |a 004.9  |x Špeciálne počítačové metódy. Počítačová grafika  |2 konspekt 
080 |a 004.94  |2 2011 
080 |a 519.213  |2 2011 
080 |a 311  |2 2011 
080 |a (048.8:082)  |2 2011 
100 1 |a Gregor, Milan,  |d 1955-  |4 aut 
245 1 0 |a Pravdepodobnosť a štatistika v simulácii /  |c Milan Gregor, Michal Gregor. 
250 |a 1. vydanie 
264 1 |a Žilina :  |b AT Park,  |c 2025. 
300 |a 454 strán :  |b fotografie, grafy, ilustrácie, schémy, tabuľky ;  |c 25 cm. 
336 |a text  |b txt  |2 rdacontent 
337 |a bez média  |b n  |2 rdamedia 
338 |a zväzok  |b nc  |2 rdacarrier 
490 1 |a Vedecké monografie 
500 |a Obsahuje zoznam obrázkov a tabuliek 
500 |a Obsahuje zoznam skratiek a symbolov 
500 |a Obsahuje biografické údaje o autoroch 
500 |a Obsahuje slovník vybraných pojmov 
504 |a Obsahuje bibliografiu a register 
650 0 7 |a modelovanie a simulácia  |2 SVKKKPH 
650 0 7 |a rozloženie pravdepodobnosti  |2 SVKKKPH 
650 0 7 |a štatistika  |2 SVKKKPH 
650 0 7 |a modeling and simulation  |2 SVKKKPHeng 
650 0 7 |a probability distributions  |2 SVKKKPHeng 
650 0 7 |a statistics  |2 SVKKKPHeng 
655 7 |a kolektívne monografie  |2 SVKKKPH 
655 7 |a collective monographs  |2 SVKKKPHeng 
700 1 |a Gregor, Michal  |d aut 
830 0 |a Vedecké monografie 
910 |a svkkk 
919 |a 978-80-974830-1-2 
998 |a BK 
090 |g SCKHL  |k Sklad Hlavná 10 prízemie  |a IV.249447  |j 1135031  |i 2721217039  |s Povinný výt.